00543nam a22001457a 4500003000600000005001700006008004100023040000800064082002300072100002400095245015400119260004300273300003000316650005100346GBCCL20241126110640.0181122b ||||| |||| 00| 0 eng d cGBC aARCH GBC-2008bGUI aGuite, Thuamminlian aA Critical Evaluation on Rudolf Bultmann’s Christology With Special Reference to the Historical Jesus and the Christ of Faith |cThuamminlian Guite aNew Lamka:bGrace Bible College,c2008 avii + 96 p.;c20 x 29 cm. aChristologyvRudolf BultmannvHistorical Jesus